Oregon State Alumni - Statistics

General Stats
  • This quiz has been taken 10 times
  • The average score is 5 of 11
Answer Stats
Hint Answer % Correct
Hall of Fame point guard who played most of his career for the Seattle SuperSonics Gary Payton
70%
Shooting guard who plays for the Golden State Warriors Gary Payton II
70%
Former wide receiver who played for the Cincinnati Bengals Chad Johnson
60%
Head football coach at Michigan State from 2024 to 2025 and head coach at his alma mater from 2018 to 2023 Jonathan Smith
50%
Head football coach at his alma mater from 2024 to 2025 Trent Bray
50%
Former power forward nicknamed "Iron Man" and played most notably for the Los Angeles Lakers A. C. Green
40%
Wide receiver who plays for the Dallas Cowboys (former Saints, Texans and Rams player) Brandin Cooks
40%
Basketball head coach of the Detroit Pistons since 2024 (former head coach of the Grizzlies and Cavaliers) J. B. Bickerstaff
40%
Winner of the Nobel Prize in Chemistry and the Nobel Peace Prize, only person besides Marie Curie to be awarded Nobel Prizes in different fields Linus Pauling
40%
Founder of Nvidia Jensen Huang
30%
Senator from Nevada from 2001 to 2011 John Ensign
20%
No matching quizzes found
Score Distribution
Percent of People with Each Score
Percentile by Number Answered
Your Score History
You have not taken this quiz